[Event "Fide Mercenarios 40th"]
[Site "Mexico City"]
[Date "1999.??.??"]
[Round "2"]
[White "Figueroa, David"]
[Black "Ibarra Cantu, Raul Alberto"]
[Result "1-0"]
[WhiteElo "2000"]
[BlackElo "2000"]
[PlyCount "67"]
[EventDate "1999.??.??"]
[EventType "tourn"]
[EventRounds "13"]
[EventCountry "MEX"]
[SourceTitle "EXT 2000"]
[Source "ChessBase"]
[SourceDate "1999.11.16"]
[SourceVersion "1"]
[SourceVersionDate "1999.11.16"]
[SourceQuality "1"]

1. Nf3 Nf6 2. g3 d5 3. Bg2 Nc6 4. d4 Bf5 5. Nc3 Nb4 6. 0-0 Bxc2 7. Qd2 Bg6 8. Ne5 e6 9. Nxg6 hxg6 10. a3 Nc6 11. Qd3 Bd6 12. Bg5 Qd7 13. Rac1 a6 14. Rc2 Ng4 15. h3 Nh6 16. Na4 Nf5 17. Nc5 Bxc5 18. dxc5 f6 19. Bd2 Ne5 20. Qc3 Qb5 21. Bf4 d4 22. Qe1 g5 23. Bxe5 fxe5 24. Qd2 0-0-0 25. Qxg5 d3 26. exd3 Nd4 27. Rc4 Qxb2 28. Rb4 Qxa3 29. Bxb7+ Kb8 30. Rfb1 Ka7 31. Qxe5 Qxd3 32. Qxc7 Ne2+ 33. Kg2 Rd7 34. Qb6+ 1-0

[Event "Fide Mercenarios 40th"]
[Site "Mexico City"]
[Date "1999.??.??"]
[Round "8"]
[White "Figueroa, David"]
[Black "Padilla Liceaga, Jorge"]
[Result "0-1"]
[WhiteElo "2000"]
[BlackElo "2165"]
[PlyCount "54"]
[EventDate "1999.??.??"]
[EventType "tourn"]
[EventRounds "13"]
[EventCountry "MEX"]
[SourceTitle "EXT 2000"]
[Source "ChessBase"]
[SourceDate "1999.11.16"]
[SourceVersion "1"]
[SourceVersionDate "1999.11.16"]
[SourceQuality "1"]

1. e4 d6 2. d4 Nf6 3. Nc3 g6 4. Nf3 Bg7 5. Be2 0-0 6. 0-0 c6 7. Bf4 b5 8. a3 Nbd7 9. Qd2 Re8 10. Rad1 a5 11. e5 b4 12. exf6 bxc3 13. bxc3 Nxf6 14. Rb1 a4 15. c4 Ne4 16. Qd3 d5 17. Ne5 Ba6 18. f3 Bxe5 19. Bxe5 Bxc4 20. Qe3 Bxe2 21. fxe4 Bxf1 22. Rxf1 f6 23. Bf4 dxe4 24. Qxe4 Qd5 25. Qd3 Rad8 26. Rd1 e5 27. dxe5 Qc5+ 0-1

[Event "Fide Mercenarios 40th"]
[Site "Mexico City"]
[Date "1999.??.??"]
[Round "10"]
[White "Figueroa, David"]
[Black "Villanueva Garciacano, Manuel"]
[Result "1/2-1/2"]
[WhiteElo "2000"]
[BlackElo "2000"]
[PlyCount "52"]
[EventDate "1999.??.??"]
[EventType "tourn"]
[EventRounds "13"]
[EventCountry "MEX"]
[SourceTitle "EXT 2000"]
[Source "ChessBase"]
[SourceDate "1999.11.16"]
[SourceVersion "1"]
[SourceVersionDate "1999.11.16"]
[SourceQuality "1"]

1. Nf3 d5 2. d4 c6 3. Bf4 Nf6 4. e3 Bf5 5. Nc3 h6 6. h3 e6 7. Bd3 Bxd3 8. Qxd3 Nbd7 9. 0-0 Be7 10. a3 0-0 11. Ne5 Re8 12. Bh2 Nxe5 13. Bxe5 Bd6 14. f4 Be7 15. f5 Bd6 16. Rae1 Qc7 17. Bxf6 gxf6 18. fxe6 Rxe6 19. Rf3 Rae8 20. Qf5 Qe7 21. Qg4+ Kh7 22. Qf5+ Kh8 23. Qh5 Qf8 24. Ref1 Qg7 25. Nd1 Rg8 26. g4 Kh7 1/2-1/2

[Event "Fide Mercenarios 40th"]
[Site "Mexico City"]
[Date "1999.??.??"]
[Round "9"]
[White "Lopez Aguilar, Hector"]
[Black "Figueroa, David"]
[Result "0-1"]
[WhiteElo "2000"]
[BlackElo "2000"]
[PlyCount "61"]
[EventDate "1999.??.??"]
[EventType "tourn"]
[EventRounds "13"]
[EventCountry "MEX"]
[SourceTitle "EXT 2000"]
[Source "ChessBase"]
[SourceDate "1999.11.16"]
[SourceVersion "1"]
[SourceVersionDate "1999.11.16"]
[SourceQuality "1"]

1. e4 g6 2. Nf3 Bg7 3. d4 d6 4. Be3 Nf6 5. Bd3 Nc6 6. Qd2 Ng4 7. 0-0 Nxe3 8. fxe3 Nb4 9. Bc4 e6 10. Qf2 0-0 11. c3 Nc6 12. Nbd2 d5 13. Bb3 Na5 14. Bc2 dxe4 15. Bxe4 f5 16. Bc2 Nc6 17. Rad1 Qe7 18. Qg3 e5 19. d5 Nd8 20. Bb3 Kh8 21. Ng5 Bf6 22. h4 h6 23. Kf2 hxg5 24. hxg5 Bxg5 25. Rh1+ Kg7 26. Rh3 f4 27. Qh2 Bxh3 28. Ne4 fxe3+ 29. Kg1 e2 30. Re1 Be3+ 31. Kh1 0-1